[Event "2004 Standard Chess Dropout Tournament, Round 4"]
[Site "SchemingMind.com"]
[Date "2004.11.13"]
[Round "4"]
[White "dmichael"]
[Black "Grimwade"]
[Result "1/2-1/2"]
[WhiteCountry "USA"]
[BlackCountry "SWE"]
[WhiteElo "2070"]
[WhiteRD "98"]
[BlackElo "1972"]
[BlackRD "115"]
[GameID "5185"]

1. c4 e5 2. g3 Nf6 3. Bg2 Nc6 4. Nc3 Bb4 5. Nd5 Bc5 6. e3 O-O 7. Ne2 d6 8. O-O a5 9. a3 Bf5 10. d4 Ba7
11. Nec3 Nxd5 12. cxd5 Ne7 13. Nb5 Bb6 14. dxe5 dxe5 15. d6 cxd6 16. Nxd6 Be6 17. Nxb7 Qc7 18. Qd6 Qxd6 19. Nxd6 Ra7 20. b4 axb4
21. Bb2 Rd7 22. Ne4 b3 23. Bxe5 Rc8 24. Rfd1 Rxd1+ 25. Rxd1 Rc2 26. Rb1 f5 27. Ng5 Bc4 28. Bf1 Bd5 29. Nh3 Nc6 30. Bb2 Na5
31. Bd3 Nc4 32. Bxc2 bxc2 33. Rc1 Nxb2 34. Rxc2 Nc4 35. Nf4 Bf7 36. Rc3 Kf8 37. Rb3 Ke7 38. Rb5 g6 39. Nd3 Bc7 40. Rb7 Kd6
41. Nb4 Ne5 42. Na6 Ba5 43. Nb4 h5=
1/2-1/2

[Event "2004 Standard Chess Dropout Tournament, Round 4"]
[Site "SchemingMind.com"]
[Date "2004.11.13"]
[Round "4"]
[White "Grimwade"]
[Black "Stephen"]
[Result "1/2-1/2"]
[WhiteCountry "SWE"]
[BlackCountry "ENG"]
[WhiteElo "2002"]
[WhiteRD "113"]
[BlackElo "1849"]
[BlackRD "82"]
[GameID "5186"]

1. e4 d5 2. exd5 Qxd5 3. Nc3 Qa5 4. d4 Nf6 5. Nf3 c6 6. Bc4 Bf5 7. Bd2 e6 8. Nd5 Qd8 9. Nxf6+ gxf6 10. Bb3 Nd7
11. Qe2 Qc7 12. Nh4 Bg6 13. O-O-O O-O-O 14. g3 Bd6 15. Nxg6 hxg6 16. h4 Nb6 17. Qf3 f5 18. Qe2 Kb8 19. c4 c5 20. dxc5 Qxc5
21. Bc3 Rhe8 22. h5 gxh5 23. Rxh5 Bc7 24. Rxd8+ Rxd8 25. Rh7 Qe7 26. Kb1 Qd7 27. Bc2 Rf8 28. b3 Nc8 29. a4 Ne7 30. Be5 Bxe5
31. Qxe5+ Qc7 32. Qxc7+ Kxc7 33. Bd1=
1/2-1/2

[Event "2004 Standard Chess Dropout Tournament, Round 5"]
[Site "SchemingMind.com"]
[Date "2005.03.07"]
[Round "5"]
[White "Grimwade"]
[Black "dmichael"]
[Result "1/2-1/2"]
[WhiteCountry "SWE"]
[BlackCountry "USA"]
[WhiteElo "1966"]
[WhiteRD "113"]
[BlackElo "2045"]
[BlackRD "89"]
[GameID "10180"]

1. e4 e6 2. d4 d5 3. Nc3 Nf6 4. Bg5 dxe4 5. Nxe4 Be7 6. Bxf6 Bxf6 7. Nf3 O-O 8. Qd2 Be7 9. Bd3 Nd7 10. O-O-O b6
11. h4 Bb7 12. h5 h6 13. Ne5 f5 14. Nc3 Nxe5 15. dxe5 Qd4 16. f4 Bb4 17. Bf1 Qxd2+ 18. Rxd2 Bxc3 19. bxc3 Rad8 20. Bc4 Kf7
21. Rhd1 Rxd2 22. Rxd2=
1/2-1/2

[Event "2004 Standard Chess Dropout Tournament, Round 5"]
[Site "SchemingMind.com"]
[Date "2005.03.08"]
[Round "5"]
[White "dmichael"]
[Black "Stephen"]
[Result "1-0"]
[WhiteCountry "USA"]
[BlackCountry "ENG"]
[WhiteElo "2050"]
[WhiteRD "96"]
[BlackElo "1827"]
[BlackRD "79"]
[GameID "10181"]

1. c4 Nf6 2. g3 c6 3. Bg2 d5 4. Nf3 Bf5 5. cxd5 cxd5 6. Qb3 Qc8 7. Nc3 e6 8. d3 Nbd7 9. O-O Be7 10. Bg5 O-O
11. e4 dxe4 12. dxe4 Nc5 13. Qa3 Bg6 14. e5 Nd5 15. Nxd5 Bxg5 16. Nxg5 exd5 17. Rac1 b6 18. Bxd5 Rb8 19. f4 Qd7 20. Rcd1 Qe7
21. e6 f6 22. f5 Bh5 23. Nf3 Rfd8 24. b4
1-0

[Event "2004 Standard Chess Dropout Tournament, Round 5"]
[Site "SchemingMind.com"]
[Date "2005.03.07"]
[Round "5"]
[White "Stephen"]
[Black "Grimwade"]
[Result "1/2-1/2"]
[WhiteCountry "ENG"]
[BlackCountry "SWE"]
[WhiteElo "1843"]
[WhiteRD "81"]
[BlackElo "1966"]
[BlackRD "113"]
[GameID "10182"]

1. d4 Nf6 2. Nf3 e6 3. Bg5 c5 4. e3 h6 5. Bh4 cxd4 6. exd4 b6 7. Nbd2 Bb7 8. Bd3 Be7 9. O-O O-O 10. c3 d6
11. Re1 Nbd7 12. a4 a6 13. Qe2 Nh5 14. Bg3 Ndf6 15. Nf1 Qc8 16. N3d2 Re8 17. Ne4 Nxe4 18. Bxe4 Bxe4 19. Qxe4 d5 20. Qd3 Nxg3
21. Qxg3 Qd8 22. Nd2 Qd6 23. Qd3 Rec8 24. Nf3 Qf4 25. Ne5 Bd6 26. g3 Qf6 27. Re3= Bxe5 28. Rxe5 Qd8 29. Ree1 Qd7 30. Qd1 Rc4
31. f4 Rac8 32. Qb3 b5 33. axb5 axb5 34. Ra5 b4 35. Ra4 bxc3 36. Rxc4 Rxc4 37. bxc3 Qc6 38. Re3 g6 39. Kg2 Kg7 40. g4 Qd6
41. Rf3 Rc6 42. Qb2 Rb6=
1/2-1/2